Національна трибуна (Запис № 423855)
[ простий вигляд ]
| 000 -Лідер | |
|---|---|
| fixed length control field | 01129nam a22002177a 4500 |
| 001 - Контрольний номер | |
| control field | 44005 |
| 003 - Ідентифікатор контрольного номера | |
| control field | UA-OsUOA |
| 005 - Дата та час останнього входження (трансакції) | |
| control field | 20220818150521.0 |
| 007 - Фіксоване поле фізичного опису | |
| fixed length control field | ta |
| 008 - Елементи даних фіксованої довжини – загальна інформація | |
| fixed length control field | 20091215b un ||||| |||| 00| 0 ukr d |
| 040 ## - Джерело каталогізації | |
| Агенція оригінальної каталогізації | UA-OsUOA |
| Мова каталогізації | ukr |
| Агенція, яка здійснювала перезапис | UA-OsUOA |
| Агенція, яка здійснювала модифікацію | UA-OsUOA |
| 041 ## - Код мови | |
| Код мови тексту/ звукової доріжки чи окремого заголовка (П) | ukr |
| 080 ## - Індекс Універсальної десяткової класифікації | |
| Індекс Універсальної десяткової класифікації (УДК) (НП) | 050 |
| 090 ## - Локальний шифр розміщення | |
| Класифікаційний індекс УДК | 050 |
| Авторський знак (НП) | Н35 |
| 245 ## - Відомості про назву | |
| Назва (НП) | Національна трибуна |
| Решта назви (НП) | 2007: 28 січня Ч.3(1199); 17 червня Ч. 23 (1219); 27 листопада Ч.45(1241); 2008: 8 червня Ч.22 (127); 22 червня Ч.24 (1269); 29 червня Ч. 25 (1270); 2009: 10 травня Ч.18(1312); 17 травня Ч.19(1313); 24 травня Ч.20(1314); 7 червня Ч.22(1316); 14 червня Ч.23(1317); 21 червня Ч.24(1318); 28 червня Ч.25(1319) |
| 650 #7 - Додаткове предметне введення – тематичний термін | |
| Тематичний термін чи географічна назва, як елемент введення (НП) | 050 Серійні публікації. Періодика галузі, Організація та інші типи поєднання (співробітництва) |
| Джерело заголовка чи терміна | UDC |
| 942 ## - Додаткові елементи входу (Коха) | |
| Тип елемента Koha | Газета |
| Source of classification or shelving scheme | Universal Decimal Classification |
| 955 ## - Код типу видання за змістом | |
| Код типу видання за змістом (НП) | Науково-популярні видання |
Немає доступних примірників.